[Event "HCL-C4173"]
[Site "www.playchess.de"]
[Date "2006.03.12"]
[Round "5"]
[White "knightprancer"]
[Black "ronan48"]
[WhiteElo "1253"]
[BlackElo "888"]
[PlyCount "45"]
[Result "1-0"]

1.d4 {Hi,all the best !}  d5 {Thanks, you to}  
2.e3 Nc6 3.Bd3 Nf6 4.Nd2 e6 5.a3 g6 6.f4 {Good 
afternoon !}  Bd6 {Goodevening !}  7.Ngf3 {Good 
evening ! what's new in Belgium these days ?}  O-O 
{a Lot  : birdfever, like everywhere in the world 
I think ;-)}  8.O-O {oh you are talking about the 
bird flu . has Belgium had reported cases aswell 
?}  a5 {No, not yet, but all birds must stay in a 
in a cage}  9.Ne5 {I think much of the bird flu 
problem is due to poor living conditions ,living 
in filth .Asia seems for the most part has poor 
health standards.}  Bxe5 {Maybe you're right ! 
where are you living in Canada ?}  10.fxe5 
{Ontario}  Nh5 {It's the Englisch part, yes ?}  
11.g4 {southern ontario is english speaking  for 
the most part .some areas in northern that borders 
with the province of quebec has many french 
speaking communities such as ottawa,north 
cobalt,hawkesbury ,northbay and others.}  Ng7 {I 
should really like to visit Canada. It seems to be 
a beautifull country !}  12.Nf3 {You stand correct 
that Canada is a beautiful country from the shores 
of the pacific to the shores of the alantic ocean 
! Canada is a melting pot of many cultures for the 
most part living in harmony.}  b6 {It's also big 
!
}  13.Qe2 {that's for sure !For the size of this 
country ,it will be a long time before it is over 
populated.}  Bb7 {Belgium is a small country and 
very crowded.}  14.Qg2 {Do you know roughly what 
Belgium's population is ?}  Qd7 {Yes, about 10 
million, and Canada ?}  15.Qh3 {Canada population 
estimated in 2005 is 32 800 000.}  Qe7 {Without 
you 32 800 999 :-)}  16.Ng5 {lol i guess that is 
correct !}  Qxg5 17.e4 {ronan ,have you ever tried 
Belgium white beer ? what is that made of ? I 
don't know if that is exported to Canada ,it 
sounds intreting the kind !}  Nxd4 {Yes, I did; 
what kind of beer you tried, Hoegaarden ? Brugs 
Witbier ? there are a lot of White beers in the 
market.}  18.Bxg5 {I have not tried any.I watched 
a Canadian tv program called Thirsty traveller 
.the host of the tv show travels the world tasting 
diferent beers and spirits ,learning how they are 
made plus talking a little bit about the countries 
he travels to.}  dxe4 {Souns Good ! We have about 
500 different kinds of beer. So it takes more then 
a lifetime to drink them all ;-)}  19.Bf6 {have 
you ever tried any Canadian beer ? Labatt's Honey 
Brown is my favorite !}  Nf3+ {Well, iff I find it 
here I will surely try !}  20.Rxf3 {what famous 
types of cheese are made in Belgium? Is gouda made 
in Begium or Holland ?}  exf3 {No that are the 
Netherlands, Belgium has good cheese to, but I 
don't know if you know 1 of the marks.}  21.Qh6 { 
1 of the marks ? sorry I don't understand what you 
mean.}  f2+ {Sorry, I mean the name of theBelgian 
Cheeses, like Trapist also a beer etc...}  22.Kxf2 
{Spring time is upon us once again .This morning I 
saw my first two robins looking for worms on the 
lawn .In the Fall the robins fly south as far as 
Mexico and return early March. It's a good feling 
to see them bak once again!}  Rfd8 {Robins are 
black birds ? I think this game is over for me so 
congratulations and see you !}  23.Qxg7+ {I looked 
up in my bird field guide book of Ontario birds 
and robins belong to Thrushes family. Thanks for a 
good gmae and I hope to play you again but up in 
the B tournaments,if you would likea private game 
that would be nice ,take care.} 
 1-0

[Event "HCL-M879"]
[Site "www.playchess.de"]
[Date "2006.03.12"]
[Round "9"]
[White "AronVug"]
[Black "Catperson"]
[WhiteElo "2046"]
[BlackElo "2107"]
[PlyCount "98"]
[Result "0-1"]

1.e4 c6 {Hello again! I will play my other defence 
today. GL!}  2.d4 {Nice to meet you again. Happy 
New Year! Good game!}  d5 3.Nc3 dxe4 4.Nxe4 Bf5 
5.Ng3 Bg6 6.h4 h6 7.Nf3 Nd7 8.h5 Bh7 9.Bd3 Bxd3 
10.Qxd3 e6 11.Bd2 Ngf6 12.O-O-O Be7 13.Qe2 O-O 
14.Ne5 c5 15.dxc5 Nxc5 16.Kb1 Qc7 17.Bc3 Nd5 
18.Bd4 Rac8 19.Ne4 Nxe4 20.Qxe4 Bc5 21.Bxc5 Qxc5 
22.Rd2 Qa5 23.Rd3 Nf6 24.Qe2 Rfd8 25.Rhd1 Rxd3 
26.Rxd3 Rc5 27.f4 Nd5 28.Qd2 Nxf4 29.Rd8+ Kh7 
30.Qxa5 Rxa5 31.Nd7 g5 32.hxg6+ Kxg6 33.Rg8+ Kf5 
{Nice mate after 33..Kh5 34 Nf6+ Kh4 35 Rg4  ;-)}  
34.Rg7 Nxg2 35.Rxf7+ Kg6 36.Rf6+ Kg5 37.Rxe6 Rd5 
38.Re5+ Rxe5 39.Nxe5 Kf4 40.Nd3+ Kf3 41.Ne5+ Kg3 
42.Nf7 h5 43.Ng5 h4 44.Kc1 Ne1 45.Kd1 Nf3 46.Ne4+ 
Kg2 47.Ke2 Nd4+ 48.Ke1 Nxc2+ 49.Ke2 
h3 0-1

[Event "HCL-A2608"]
[Site "www.playchess.de"]
[Date "2006.03.12"]
[Round "3"]
[White "BohdanL"]
[Black "Kannsnich"]
[WhiteElo "1488"]
[BlackElo "1361"]
[PlyCount "71"]
[Result "1-0"]

1.Nf3 {hi, have a nice game}  Nf6 2.b3 g6 3.Bb2 
Bg7 4.g3 O-O 5.Bg2 Nc6 6.d3 d6 7.O-O e5 8.Nbd2 Bg4 
9.h3 Be6 10.c4 Qc8 11.Ng5 Bd7 12.g4 h6 13.Nge4 
Nxe4 14.Nxe4 f5 15.gxf5 Bxf5 16.Kh2 Ne7 17.Ng3 Bd7 
18.e4 Nc6 19.Ne2 Rf7 20.Qd2 Qf8 21.f4 exf4 22.Bxg7 
Qxg7 23.Nxf4 Qe5 24.Kh1 g5 25.Nd5 Rc8 26.Rxf7 Kxf7 
27.Rf1+ Kg7 28.Qf2 Be6 29.Ne3 Qd4 30.Nf5+ Bxf5 
31.Qxf5 Qe5 32.Qxc8 Qe7 33.Qxb7 Ne5 34.Qd5 c6 
35.Qd4 Kg6 36.Qe3 1-0

[Event "HCL-B3853"]
[Site "www.playchess.de"]
[Date "2006.03.12"]
[Round "12"]
[White "Regicide"]
[Black "evets"]
[WhiteElo "937"]
[BlackElo "1367"]
[PlyCount "38"]
[Result "0-1"]

1.e4 {Hi}  e6 {Good Luck!}  2.Qg4 {Thanks, and to 
you}  d5 3.e5 c5 4.d3 Qb6 5.c3 f6 6.Bf4 Qxb2 7.Ne2 
Qxa1 8.exf6 {You've "done me up like a kipper", in 
the local patois; I'll wait until move 11 before 
resigning, but I accepted defeat after your Queen 
headed down - well played.}  Qxb1+ 9.Nc1 Nxf6 
10.Qg5 h6 11.Qg6+ Ke7 12.Be2 Qb5 13.d4 c4 14.O-O 
Qe8 15.Qg3 Nbd7 16.Bd6+ Kf7 17.Qf4 Bxd6 18.Qxd6 
Qe7 19.Bh5+ Nxh5 0-1

[Event "HCL-A2527"]
[Site "www.playchess.de"]
[Date "2006.03.12"]
[Round "26"]
[White "taroak"]
[Black "GCP"]
[WhiteElo "1458"]
[BlackElo "1491"]
[PlyCount "65"]
[Result "1-0"]

1.c4 e5 {hello from Rome, have a good game}  2.g3 
{Good Luck}  d6 3.Bg2 f5 4.Nc3 Nf6 5.d3 Be7 6.Bg5 
c6 7.e4 O-O 8.Nge2 Kh8 9.O-O fxe4 10.dxe4 Nbd7 
11.Qc2 Ng4 12.Bd2 Bg5 13.f4 exf4 14.gxf4 Bh6 
15.Rad1 Nb6 16.b3 Be6 17.Bc1 Qc7 18.h3 Nf6 19.Ba3 
c5 20.Nb5 Qe7 21.Nxd6 Nh5 22.f5 Bd7 23.Bxc5 Qe5 
24.Ba3 Be3+ 25.Kh1 Ng3+ 26.Nxg3 Qxg3 27.Rf3 Qg5 
28.Qd3 Bf4 29.Rdf1 Bxd6 30.Qxd6 Bc6 31.Rg3 Qh4 
32.Bb2 Rad8 33.Bxg7+ 1-0

[Event "HCL-B3822"]
[Site "www.playchess.de"]
[Date "2006.03.12"]
[Round "15"]
[White "Saladin"]
[Black "Regicide"]
[WhiteElo "1379"]
[BlackElo "1015"]
[PlyCount "53"]
[Result "1-0"]

1.g3 e5 2.b3 Nc6 3.Bg2 d5 4.e3 e4 5.d3 Bb4+ 6.Bd2 
Bd6 7.dxe4 d4 8.exd4 Nxd4 9.Bc3 Ne6 10.Nd2 Bd7 
11.Bh3 Nh6 12.Bxe6 Bxe6 13.Bxg7 Rg8 14.Bxh6 Be5 
15.Rb1 Qf6 16.Be3 O-O-O 17.h4 Bg4 18.Bg5 Bxd1 
19.Bxf6 Bxf6 20.Rxd1 Bc3 21.Ne2 Bb2 22.f4 h5 
23.Nc4 Rxd1+ 24.Kxd1 Rd8+ 25.Ke1 Bf6 26.e5 Be7 
27.a3 1-0

[Event "HCL-A2590"]
[Site "www.playchess.de"]
[Date "2006.03.12"]
[Round "17"]
[White "PhilipKaveny"]
[Black "Jule"]
[WhiteElo "1396"]
[BlackElo "1362"]
[PlyCount "103"]
[Result "1/2-1/2"]

1.e4 {Hello}  c5 {Hello, good luck}  2.d4 {Yes you 
also}  e6 3.Nf3 cxd4 4.Nxd4 Nc6 5.Be2 e5 6.Nxc6 
bxc6 7.O-O Nf6 8.Nc3 Bb4 9.Bf3 O-O 10.Bd2 Bb7 
11.Bg5 d6 12.a3 Ba5 13.b4 Bc7 14.b5 h6 15.Bxf6 
Qxf6 16.bxc6 Bxc6 17.Nd5 Bxd5 18.Qxd5 Bb6 19.a4 
Bc5 20.Rab1 Rab8 21.c4 g5 22.Bh5 Kg7 23.Qd2 Kh7 
24.Rb5 Rfg8 25.Bg4 Kg7 26.Bf5 Rgh8 27.Rfb1 Rb6 
28.a5 Ra6 29.R5b7 Rf8 30.Qa2 h5 31.Qa4 d5 32.cxd5 
Rd6 33.Qb5 Bd4 34.h3 g4 35.Qe2 g3 36.R7b8 gxf2+ 
37.Kh2 Qh4 38.Rxf8 Kxf8 39.g3 Qg5 40.Qb5 Kg7 
41.Qe2 Kh6 42.h4 Qe3 43.Qxe3+ Bxe3 44.Bh3 Rf6 
45.Rd1 Bd4 46.Rc1 Rf3 47.d6 Rc3 48.Rxc3 Bxc3 49.a6 
Ba5 50.Kg2 Bb6 51.d7 Kg6 52.d8Q {(offering draw)} 
 1/2-1/2

[Event "HCL-E1550"]
[Site "www.playchess.de"]
[Date "2006.03.12"]
[Round "9"]
[White "ALUISIO"]
[Black "asskicker"]
[WhiteElo "1645"]
[BlackElo "1633"]
[PlyCount "74"]
[Result "0-1"]

1.c4 {GOOD GAME!}  e5 {Good game to you as well.}  
2.Nc3 Bb4 3.Qc2 Nf6 4.d3 O-O 5.Bg5 h6 6.Bh4 c6 
7.Nf3 Re8 8.Nd2 Be7 9.e3 d5 10.cxd5 cxd5 11.Be2 
Nc6 12.a3 b6 13.O-O Be6 14.b4 Rc8 15.Qb2 d4 16.Nd1 
b5 17.Bg3 Nd5 18.Rc1 Bg5 19.e4 Nf4 20.Bxf4 Bxf4 
21.Rc5 a6 22.Nb3 Qg5 23.g3 Qg6 24.Bf3 Bg5 25.Qc2 
Bd7 26.Bg2 Be7 27.f4 Bxc5 28.Nxc5 Nd8 29.Qf2 Bg4 
30.fxe5 Rxe5 31.Qxd4 Nc6 32.Qe3 Rd8 33.Nc3 Qd6 
34.Qf4 Qd4+ 35.Kh1 Qxc3 36.Qxg4 Re7 37.d4 
Nxd4 0-1

[Event "HCL-T257"]
[Site "www.playchess.de"]
[Date "2006.03.12"]
[Round "4"]
[White "lostpawn2000"]
[Black "mel"]
[WhiteElo "1181"]
[BlackElo "1154"]
[PlyCount "43"]
[Result "1/2-1/2"]

1.d4 d5 2.c4 e5 3.dxe5 Be6 4.Nf3 c6 5.e4 Ne7 6.Nc3 
dxc4 7.Ng5 Qxd1+ 8.Nxd1 b5 9.a4 Nd7 10.Be2 Ng6 
11.O-O Ndxe5 12.f4 Bc5+ 13.Nf2 Bxf2+ 14.Rxf2 Ng4 
15.Rf1 Nh4 16.f5 Nxh2 17.Kxh2 Bd7 18.g3 h6 19.Nf3 
Nxf3+ 20.Bxf3 a6 21.e5 Rd8 22.Be4 {(offering 
draw)}  1/2-1/2

[Event "HCL-B3828"]
[Site "www.playchess.de"]
[Date "2006.03.12"]
[Round "7"]
[White "Kannsnich"]
[Black "ama49"]
[WhiteElo "1232"]
[BlackElo "1135"]
[PlyCount "115"]
[Result "1-0"]

1.c4 {hi}  c5 {Greetings from Scotland}  2.Nc3 
{greetings from germany munich,we have the better 
beer.....}  Nc6 {and football team, but not whisky 
or football managers!!}  3.Nf3 {yeah the whisky 
one point for scotland}  Nf6 4.g3 b6 5.Bg2 Bb7 
6.O-O e6 7.e4 e5 8.d3 d6 9.b3 Nd4 10.Bb2 Nxf3+ 
11.Bxf3 Be7 12.Rc1 O-O 13.Bg2 h6 14.Nd5 Nxd5 
15.cxd5 Bf6 16.f4 exf4 17.Bxf6 Qxf6 18.Rxf4 Qd4+ 
19.Kh1 Rae8 20.Qd2 a5 21.Rc4 Qa1+ 22.Rf1 Qe5 23.d4 
cxd4 24.Qxd4 Qxd4 25.Rxd4 b5 26.Rc1 Rec8 27.Rdd1 
Rfe8 28.Kg1 a4 29.b4 Rc4 30.Rxc4 bxc4 31.Rc1 Ba6 
32.a3 Bb5 33.Rc3 g6 34.Kf2 f6 35.Ke3 f5 36.Kd4 
fxe4 37.Bxe4 Kg7 38.Bf3 Re1 39.Re3 Rxe3 40.Kxe3 
Kf6 41.Kd4 Kf5 42.h3 h5 43.Be2 c3 44.Bd3+ Bxd3 
45.Kxd3 Ke5 46.Kxc3 Kxd5 47.Kd3 g5 48.Kc3 Ke4 
49.b5 Kd5 50.Kb4 Ke6 51.Kxa4 d5 52.Kb4 d4 53.Kc4 
Kd6 54.Kxd4 g4 55.hxg4 hxg4 56.Ke4 Kc5 57.a4 Kb6 
58.Kf4 1-0

[Event "HCL-B3907"]
[Site "www.playchess.de"]
[Date "2006.03.12"]
[Round "11"]
[White "Littlearza"]
[Black "Absoluter_Beginner"]
[WhiteElo "1430"]
[BlackElo "1721"]
[PlyCount "56"]
[Result "0-1"]

1.e4 e5 2.Bc4 Nf6 3.d3 Bc5 4.Nf3 d6 5.Ng5 O-O 
6.O-O h6 7.Nf3 Bg4 8.h3 Be6 9.c3 Bxc4 10.dxc4 Nxe4 
11.Qd5 Nf6 12.Qxb7 Nbd7 13.b4 Bb6 14.a4 a5 15.Rd1 
Rb8 16.Qc6 Qe7 {(offering draw)}  17.Ba3 e4 18.Nh4 
Ne5 {Gardez!}  19.Qb5 Bxf2+ 20.Kxf2 Rxb5 21.cxb5 
Nd3+ 22.Kg1 Nd5 23.bxa5 Qxh4 24.a6 Qf2+ 25.Kh2 
N5f4 26.Rg1 Ne1 27.Nd2 Nexg2 28.Nxe4 
Qh4 0-1

[Event "HCL-A2586"]
[Site "www.playchess.de"]
[Date "2006.03.12"]
[Round "13"]
[White "Crusaders"]
[Black "GCP"]
[WhiteElo "1781"]
[BlackElo "1446"]
[PlyCount "69"]
[Result "1-0"]

1.e4 {Hello and a very nice game ! Best regards 
Dirk}  d6 {Greetings from Rome, have a good game}  
2.d4 {and Greetings from Cologne}  Nf6 3.Nc3 g6 
4.f4 Bg7 5.Nf3 c5 6.Bb5+ Bd7 7.Bxd7+ Nbxd7 8.e5 
Ng4 9.e6 fxe6 10.Ng5 Qa5 11.Qxg4 cxd4 12.Qxe6 
O-O-O 13.Qc4+ Kb8 14.Qb5 Qxb5 15.Nxb5 a6 16.Na3 
Rdc8 17.Ne6 Bf6 18.Kd1 Nc5 19.Nxc5 dxc5 20.Nc4 
Rhf8 21.Nb6 Rcd8 22.Bd2 Kc7 23.Ba5 Kc6 24.Nc4 b5 
25.Bxd8 Rxd8 26.Ne5+ Kd5 27.Re1 g5 28.Nf7 Rf8 
29.Nxg5 Rh8 30.Kd2 h6 31.Nf3 h5 32.Re2 c4 33.Ne5 
Rg8 34.Rae1 b4 35.b3 1-0

[Event "HCL-C4165"]
[Site "www.playchess.de"]
[Date "2006.03.12"]
[Round "12"]
[White "Veltliner"]
[Black "daveboy6968"]
[WhiteElo "1382"]
[BlackElo "940"]
[PlyCount "79"]
[Result "1-0"]

1.e3 e5 {hi+good luck :-)}  2.Nc3 {good wishes 
from manfred}  d5 {:-) many thanks from yateley}  
3.Qh5 Nc6 4.Bb5 a6 5.Bxc6+ Ke7 6.Qxe5+ Be6 7.Nxd5+ 
Qxd5 8.Bxd5 Kd7 9.Bxb7 Rb8 10.Bxa6 Rb6 11.Bd3 f6 
12.Bb5+ c6 13.Qd4+ Kc7 14.Bd3 Bd6 15.a4 Rb4 
16.Qa7+ Rb7 17.Qd4 Rb4 18.c4 c5 19.Qc3 Be5 20.Qc2 
Ne7 21.Nf3 Bd6 22.b3 Nc6 23.Be4 Ne5 24.Ba3 Nxf3+ 
25.Bxf3 Rbb8 26.O-O h5 27.Qg6 Bf8 28.d4 Rh6 29.Qe4 
Rxb3 30.Qc6+ Kd8 31.Qxe6 Rg6 32.Qf7 Rg5 33.Qxf8+ 
Kc7 34.Bxc5 Rb8 35.Bd6+ Kd7 36.Bxb8 Ke6 37.Rab1 
Ra5 38.Rb6+ Kd7 39.Qf7+ Kc8 40.Qc7+ 1-0

[Event "HCL-M893"]
[Site "www.playchess.de"]
[Date "2006.03.12"]
[Round "6"]
[White "Henk"]
[Black "sheep"]
[WhiteElo "1799"]
[BlackElo "1778"]
[PlyCount "54"]
[Result "0-1"]

1.e4 e5 2.Nf3 Nc6 3.d4 exd4 4.Nxd4 Bc5 5.Be3 Qf6 
6.c3 Nge7 7.Bc4 O-O 8.O-O Bb6 9.Na3 d6 10.Ndb5 Ne5 
11.Bxb6 axb6 12.f4 Ng4 13.Qd2 d5 14.h3 dxc4 
15.hxg4 Bxg4 16.f5 c6 17.Nd4 c5 18.Ndb5 Rfd8 
19.Qf4 Be2 20.Rf2 Bd3 21.Nc2 Qc6 22.Nc7 Rac8 
23.Nd5 Nxd5 24.exd5 Qxd5 25.Re1 Rde8 26.f6 Bxc2 
27.Rxe8+ Rxe8 0-1

[Event "HCL-A2635"]
[Site "www.playchess.de"]
[Date "2006.03.12"]
[Round "15"]
[White "baggur"]
[Black "IRONMAIDEN"]
[WhiteElo "1601"]
[BlackElo "1202"]
[PlyCount "33"]
[Result "1-0"]

1.e4 {hello}  e5 {hello and good game!}  2.Nf3 Nc6 
3.Bb5 Bd6 4.O-O a6 5.Ba4 b5 6.Bb3 Nf6 7.Re1 O-O 
8.d4 exd4 9.e5 Bb4 10.c3 dxc3 11.bxc3 Bxc3 12.Nxc3 
Ne8 13.Bg5 Ne7 14.Nd5 f6 15.Nxe7+ Kh8 16.exf6 gxf6 
17.Nc6 1-0

[Event "HCL-B3922"]
[Site "www.playchess.de"]
[Date "2006.03.12"]
[Round "2"]
[White "Bob-O"]
[Black "Russ"]
[WhiteElo "1223"]
[BlackElo "1101"]
[PlyCount "24"]
[Result "0-1"]

1.Nf3 {Hello and good luck....}  Nf6 {Hi}  2.d3 d5 
3.g3 Nc6 4.e3 e5 5.d4 Bg4 6.Bb5 e4 7.O-O Bxf3 
8.Bxc6+ bxc6 9.Qd2 Qd7 10.Qc3 Qh3 11.Qxc6+ {Well, 
this game is certainly over. Nice job and 
congratulations - you got me good.}  Nd7 12.Qxa8+ 
Ke7 0-1

[Event "HCL-C4190"]
[Site "www.playchess.de"]
[Date "2006.03.12"]
[Round "23"]
[White "aussie"]
[Black "Veltliner"]
[WhiteElo "1064"]
[BlackElo "1383"]
[PlyCount "83"]
[Result "1-0"]

1.e4 e6 2.Nf3 d6 3.Nc3 Be7 4.d4 Nf6 5.h3 c6 6.Be2 
Qc7 7.Bf4 Nbd7 8.Qd2 b5 9.b4 e5 10.Be3 exd4 
11.Nxd4 Ne5 12.Nf3 Bb7 13.a3 Rd8 14.Rd1 a6 15.O-O 
c5 16.Nd5 Bxd5 17.exd5 h6 18.Bf4 c4 19.c3 Ng6 
20.Qd4 O-O 21.Rd2 Nh5 22.Bh2 Bf6 23.Qe3 Bg5 
24.Nxg5 hxg5 25.Bxh5 Nf4 26.Bxf4 gxf4 27.Qxf4 g6 
28.Bf3 Kg7 29.Re1 Rfh8 30.Qd4+ f6 31.Re6 Rdf8 
32.Rde2 Rf7 33.R2e4 g5 34.Rg4 Rh5 35.Kh2 Kf8 
36.Rge4 Rh6 37.R6e8+ Kg7 {(offering draw)}  38.Ra8 
Kg6 39.Ree8 Rh4 40.g4 Qb7 41.Reg8+ Rg7 
42.Qe4+ 1-0

[Event "HCL-E1574"]
[Site "www.playchess.de"]
[Date "2006.03.12"]
[Round "3"]
[White "Jure"]
[Black "golddim"]
[WhiteElo "1634"]
[BlackElo "1469"]
[PlyCount "55"]
[Result "1/2-1/2"]

1.e4 e5 {Greetings!}  2.Nf3 Nc6 3.Bc4 Nf6 4.d3 Bc5 
5.O-O d6 6.Re1 Ng4 7.Re2 h6 8.h3 Nf6 9.c3 Bb6 
10.Bb3 Be6 11.Bc2 Qd7 12.Nbd2 O-O-O 13.Nf1 g5 
14.N3h2 g4 15.hxg4 Nxg4 16.Be3 Bxe3 17.Nxe3 Nxh2 
18.Kxh2 Rhg8 19.d4 Ne7 20.dxe5 dxe5 21.Qxd7+ Rxd7 
22.Ree1 Rgd8 23.a3 R7d2 24.Kg1 Ng6 25.Rad1 Nf4 
26.Rxd2 Rxd2 27.Rd1 Rxd1+ 28.Nxd1 {(offering 
draw)}  1/2-1/2

[Event "HCL-A2630"]
[Site "www.playchess.de"]
[Date "2006.03.12"]
[Round "9"]
[White "superyetkin"]
[Black "hal1958"]
[WhiteElo "1265"]
[BlackElo "1399"]
[PlyCount "104"]
[Result "0-1"]

1.g3 d5 {have a nice game}  2.Bg2 {you too}  e5 
3.d3 Nc6 4.Nc3 Bb4 5.Bd2 Nf6 6.Nf3 O-O 7.e4 d4 
8.Ne2 Bxd2+ 9.Nxd2 b5 10.Nb3 Qd6 11.f4 Bg4 12.f5 
a5 13.h3 Bxe2 14.Qxe2 Qb4+ 15.Qd2 Qxd2+ 16.Nxd2 
Nb4 17.Kd1 a4 18.a3 Na6 19.g4 c5 20.Nf3 h6 21.Kd2 
Rac8 22.Nxe5 Nb8 23.Rac1 Nfd7 24.Nxd7 Nxd7 25.Rhe1 
Ne5 26.c3 Rfd8 27.Rc2 dxc3+ 28.Rxc3 Kf8 29.Rec1 f6 
30.Rf1 c4 31.Rfc1 Rxd3+ 32.Rxd3 Nxd3 33.Rb1 Rd8 
34.Ke3 Ke7 35.Bf1 Ne5 36.Be2 {(offering draw)}  
Nc6 37.Rd1 Rxd1 38.Bxd1 Kd6 39.h4 Ne5 40.Be2 Kc5 
41.Kd2 b4 42.Kc2 {(offering draw)}  Nc6 {I prefer 
to continue for a while}  43.Kd2 Nd4 44.Bd1 
{(offering draw)}  bxa3 45.bxa3 {(offering draw)}  
Nb5 46.Bxa4 Nxa3 47.Kc1 {(offering draw)}  Kb4 
48.Bc6 c3 49.Bd5 Kc5 50.Bb3 {(offering draw)}  Kd4 
{I understand that you would like a draw but I see 
to much opportunities for me to win this game.}  
51.Bc2 Nc4 52.Bb3 Ne3 0-1

[Event "HCL-C4172"]
[Site "www.playchess.de"]
[Date "2006.03.12"]
[Round "10"]
[White "Veltliner"]
[Black "Talisman77"]
[WhiteElo "1382"]
[BlackElo "1173"]
[PlyCount "73"]
[Result "1/2-1/2"]

1.e3 Nc6 2.Bb5 e5 3.Bxc6 bxc6 4.Nf3 Qf6 5.e4 Bc5 
6.d3 Ne7 7.c3 d5 8.Nbd2 O-O 9.Nb3 Bb6 10.Bg5 Qd6 
11.Bh4 dxe4 12.dxe4 Re8 13.O-O Ba6 14.Re1 Ng6 
15.Bg3 Rad8 16.Nbd2 Nf4 17.Bxf4 exf4 18.e5 Qc5 
19.Nd4 Bb7 20.Qg4 Rxe5 21.Qxf4 Rxe1+ 22.Rxe1 h6 
23.N2f3 Qf8 24.Nf5 Bc5 25.Qxc7 Bc8 26.Ng3 Qd6 
27.Qxd6 Bxd6 28.b4 Ba6 29.Nd4 Rc8 30.Ndf5 Bf8 
31.h3 Rd8 32.a3 Bc4 33.Re4 Rd1+ 34.Kh2 Be6 35.Re3 
Rd2 36.Ne4 Rd5 37.Nd4 {(offering draw)} 
 1/2-1/2

[Event "ACL-T172"]
[Site "www.playchess.de"]
[Date "2006.03.12"]
[Round "5"]
[White "hal1958"]
[Black "reddog"]
[WhiteElo "1388"]
[BlackElo "1141"]
[PlyCount "32"]
[Result "0-1"]

1.d4 Nf6 2.Bg5 Ne4 3.Bf4 d5 4.f3 Nf6 5.Nc3 e6 6.e4 
Bb4 7.e5 Nh5 8.Bd2 Qh4+ 9.Ke2 Qxd4 10.Be3 Qxe5 
11.Kf2 O-O 12.Bd4 Qd6 13.Nge2 e5 14.Be3 d4 15.Bxd4 
exd4 16.Qxd4 Bc5 0-1

[Event "HCL-C4164"]
[Site "www.playchess.de"]
[Date "2006.03.12"]
[Round "36"]
[White "valpa"]
[Black "nichju"]
[WhiteElo "1054"]
[BlackElo "1075"]
[PlyCount "99"]
[Result "1-0"]

1.b4 {Willkommen zur neuen Partie}  e5 {Ebenfalls 
hallo, ich hoffe, dass ich nicht wieder so einen 
Mist wie im 1. Match spiele ;-)}  2.Bb2 Nc6 3.b5 
Nce7 4.Bxe5 d6 5.Bb2 Be6 6.e3 Qd7 7.a4 b6 8.Nf3 
Nf6 9.Be2 g6 10.Bxf6 Rg8 11.Bxe7 Bxe7 12.O-O O-O-O 
13.c3 c6 14.bxc6 Qxc6 15.Nd4 Qe4 16.Nxe6 fxe6 
17.Bf3 Qc4 18.d3 Qh4 19.g3 Qh3 20.Bg4 Qh6 21.Bxe6+ 
Kb8 22.Bxg8 Rxg8 23.Nd2 Bf6 24.d4 Qg5 25.Ne4 Qf5 
26.Nxd6 Qe6 27.Nb5 h5 28.Na3 Rh8 29.Qf3 g5 30.Rac1 
h4 31.g4 Rf8 32.Qe2 Qd6 33.Nc4 Qd5 34.Nd2 Re8 
35.Qf3 Qe6 36.h3 Bd8 37.Rcb1 Bc7 38.Qg2 Qd6 39.Ne4 
Rxe4 40.f4 gxf4 41.Qxe4 fxe3 42.Qg2 e2 43.Qxe2 
Qg3+ 44.Qg2 Qxc3 45.Rf8+ Bd8 46.Rxd8+ Kc7 47.Rd5 
Qe3+ 48.Qf2 Qxh3 49.Qf7+ Kc8 50.Rc1+ 1-0

[Event "HCL-A2586"]
[Site "www.playchess.de"]
[Date "2006.03.12"]
[Round "27"]
[White "RUDI"]
[Black "GCP"]
[WhiteElo "1258"]
[BlackElo "1446"]
[PlyCount "100"]
[Result "1/2-1/2"]

1.e4 d6 {hello :) have a nice tournament}  2.d4 
{:) have a nice tournament, too.}  Nf6 3.Nc3 g6 
4.Bf4 Bg7 5.Nf3 c5 6.dxc5 Qa5 7.cxd6 Nxe4 8.Bd2 
O-O 9.Bd3 Nxd2 10.Qxd2 Bxc3 11.Qxc3 Qxc3+ 12.bxc3 
exd6 13.O-O Bg4 14.Nd2 Nc6 15.f3 Be6 16.a3 Rac8 
17.Rab1 Rc7 18.Ne4 d5 19.Nf6+ Kg7 20.Ng4 Bxg4 
21.fxg4 Ne5 22.Rb5 Nxd3 23.cxd3 Rxc3 24.Rxb7 Rxa3 
25.d4 a5 26.Rd7 Rd3 27.Rxd5 {(offering draw)}  a4 
28.Ra1 a3 29.Ra5 Rd8 30.R1xa3 Rxa3 31.Rxa3 Rxd4 
32.h3 g5 33.Re3 Kg6 34.Kf2 h5 35.gxh5+ {(offering 
draw)}  Kxh5 36.g3 f5 37.Kf3 f4 38.gxf4 Rxf4+ 
39.Kg3 Rc4 40.Rf3 Rc2 41.Re3 {(offering draw)}  
Rc1 42.Rf3 Rd1 43.Re3 Rg1+ 44.Kh2 Rf1 45.Kg2 Rf4 
46.Kg3 Rf1 47.Kg2 Rf4 48.Kg3 Rd4 49.Rf3 Rd1 50.Rf2 
Rd3+ {(offering draw) I had seen a combination 
that doesn't exist !!! good game} 
 1/2-1/2

[Event "HCL-B3843"]
[Site "www.playchess.de"]
[Date "2006.03.12"]
[Round "7"]
[White "bob19"]
[Black "mothball"]
[WhiteElo "1444"]
[BlackElo "1318"]
[PlyCount "105"]
[Result "1-0"]

1.d4 d5 2.Nf3 Nc6 3.e3 Nf6 4.h3 e6 5.Bb5 Bd7 6.Nc3 
Bb4 7.Bd2 O-O 8.O-O h6 9.a3 Bxc3 10.Bxc3 Ne4 
11.Qd3 Re8 12.Be1 Ng5 13.Nxg5 Qxg5 14.f4 Qf5 
15.Bd2 a6 16.Qxf5 exf5 17.Bd3 Ne7 18.Rae1 Ng6 
19.b3 Bb5 20.Rf3 Bxd3 21.cxd3 Nh4 22.Rf2 f6 23.g3 
Ng6 24.Rc1 c6 25.Re2 h5 26.h4 Ne7 27.Kf2 Kf7 
28.Bb4 Ng8 29.Kf3 Nh6 30.Bc5 Reg8 31.Bb6 g5 
32.hxg5 fxg5 33.Rh2 g4+ 34.Kf2 Kf6 35.Rxh5 Rg6 
36.Rch1 Nf7 37.R5h7 Rg7 38.Bc7 Rxh7 39.Rxh7 Kg6 
{(offering draw)}  40.Rh1 b5 41.Rc1 Nd8 42.Bxd8 
Rxd8 43.Rxc6+ Kf7 44.b4 Ke7 45.Kg2 Rd6 46.Rxd6 
Kxd6 47.Kf2 Ke6 {(offering draw)}  48.e4 {I see a 
win here.}  fxe4 49.dxe4 dxe4 50.Ke3 Kd5 51.f5 a5 
52.bxa5 Kd6 53.Kxe4 1-0

[Event "HCL-A2605"]
[Site "www.playchess.de"]
[Date "2006.03.12"]
[Round "17"]
[White "RUDI"]
[Black "Crusaders"]
[WhiteElo "1256"]
[BlackElo "1554"]
[PlyCount "60"]
[Result "0-1"]

1.c4 {hallo erstmal...}  g6 {Und zum 3.ten... ;-)} 
 2.d4 {sold!}  Bg7 3.Nc3 e6 4.e3 Ne7 5.Bd3 d6 
6.Nf3 Nd7 7.d5 Ne5 8.O-O O-O 9.Rb1 exd5 10.Nxd5 
Bg4 11.Be2 c6 12.Nxe7+ Qxe7 13.Nxe5 Bxe2 14.Qxe2 
Bxe5 15.b3 Rad8 16.Bb2 Qh4 17.f4 Bxb2 18.Rxb2 f5 
19.Rd2 Rfe8 20.Qf3 Re4 21.Rd4 Qe7 22.Re1 Rxd4 
23.Qf2 Re4 24.Qd2 Re8 25.Rd1 Rxe3 26.c5 Re1+ 
27.Rxe1 Qxe1+ 28.Qxe1 Rxe1+ 29.Kf2 Rd1 30.cxd6 
Rxd6 0-1